Developing Countries - Statistics

General Stats
  • This quiz has been taken 228 times
    143 since last reset
  • The average score is 76 of 107
Answer Stats
Answer % Correct
Algeria
86%
India
86%
Egypt
85%
Pakistan
85%
China
84%
Morocco
82%
Turkey
82%
Ukraine
82%
Brazil
81%
Iran
81%
Iraq
81%
Bosnia and Herzegovina
80%
Dominican Republic
80%
Mexico
80%
Kazakhstan
79%
Russia
79%
Serbia
79%
Vietnam
79%
Albania
78%
Armenia
78%
Belarus
78%
Indonesia
78%
Oman
78%
Libya
77%
Romania
77%
South Africa
77%
Tunisia
77%
Argentina
76%
Bahrain
76%
Chile
76%
Guatemala
76%
Jordan
76%
Kosovo
76%
Lebanon
76%
United Arab Emirates
76%
Uzbekistan
76%
Moldova
75%
Thailand
75%
Azerbaijan
74%
Bulgaria
74%
Fiji
74%
Kuwait
74%
Peru
74%
Tajikistan
74%
Uruguay
74%
Venezuela
74%
Georgia
73%
Guyana
73%
Nigeria
73%
North Macedonia
73%
Panama
73%
Paraguay
73%
Syria
73%
Turkmenistan
73%
Belize
72%
Colombia
72%
El Salvador
72%
Malaysia
72%
Qatar
72%
Saint Vincent and the Grenadines
72%
Ghana
71%
Jamaica
71%
Kyrgyzstan
71%
Montenegro
71%
Saudi Arabia
71%
Bolivia
70%
Costa Rica
70%
Dominica
70%
Kenya
70%
Saint Lucia
70%
Mongolia
69%
Nicaragua
69%
Saint Kitts and Nevis
69%
The Bahamas
69%
Barbados
68%
Honduras
68%
Suriname
68%
Brunei
67%
Botswana
66%
Ecuador
66%
Namibia
66%
Papua New Guinea
66%
Philippines
66%
Samoa
66%
Tonga
66%
Nauru
65%
Micronesia
64%
Trinidad and Tobago
64%
Antigua and Barbuda
63%
Hungary
63%
Vanuatu
63%
Marshall Islands
62%
Palau
62%
Grenada
60%
Sri Lanka
60%
Zimbabwe
59%
Gabon
58%
Poland
58%
Seychelles
58%
Mauritius
57%
Republic of the Congo
57%
Ivory Coast
56%
Cameroon
54%
Cape Verde
53%
Maldives
53%
Eswatini
49%
Equatorial Guinea
48%
No matching quizzes found
Score Distribution
Percent of People with Each Score
Percentile by Number Answered
Your Score History
You have not taken this quiz since the last reset